书目信息 |
| 题名: |
有一种爱叫放手II
|
|
| 作者: | 杨冬苟 主编 | |
| 分册: | ||
| 出版信息: | 北京 中国戏剧出版社 2007.06 |
|
| 页数: | 260页 | |
| 开本: | 23cm | |
| 丛书名: | ||
| 单 册: | ||
| 中图分类: | I247.8 , I14 | |
| 科图分类: | ||
| 主题词: | 故事--中国--现代--选集 , 故事 , 小说--作品集--世界 | |
| 电子资源: | ||
| ISBN: | 978-7-104-02613-6 | |
| 000 | 00897nam0 2200277 450 | |
| 001 | 003509860 | |
| 005 | 20110114150937.0 | |
| 010 | @a978-7-104-02613-6@dCNY20.00 | |
| 100 | @a20070104d2007 em y0chiy50 ea | |
| 101 | 0 | @achi |
| 102 | @aCN@b110000 | |
| 105 | @aa z 000fy | |
| 200 | 1 | @a有一种爱叫放手II@Ayou yi zhong ai jiao fang shou II@b专著@e人世间最催人泪下的爱情故事@e彩色插图版@f杨冬苟主编@9you yi zhong ai jiao fang shou |
| 210 | @a北京@c中国戏剧出版社@d2007.06 | |
| 215 | @a260页@d23cm | |
| 300 | @a震撼亿万心灵的情感圣经 | |
| 517 | 1 | @a人世间最催人泪下的爱情故事@9ren shi jian zui cui ren lei xia de ai qing gu shi |
| 606 | 0 | @a故事@y中国@z现代@j选集 |
| 606 | 0 | @a故事 |
| 606 | 0 | @a小说@x作品集@x世界 |
| 690 | @aI247.8@v5 | |
| 690 | @aI14@v5 | |
| 701 | 0 | @a杨冬苟@4主编@9yang dong gou |
| 905 | @aBZT@dI14@e176-2 | |
| 906 | @dCNY20.00@n0@r1 | |
| SYS | @0@0@0@003509860 | |
| 有一种爱叫放手II:人世间最催人泪下的爱情故事:彩色插图版/杨冬苟主编.-北京:中国戏剧出版社,2007.06 |
| 260页;23cm |
| 震撼亿万心灵的情感圣经 |
| ISBN 978-7-104-02613-6:CNY20.00 |
| ● |
| 相关链接 |
|
|
|
正题名:有一种爱叫放手II
索取号:I14/176-2
 
预约/预借
| 序号 | 登录号 | 条形码 | 馆藏地/架位号 | 状态 | 备注 |
| 1 | 782287 | 2000782287 | 中心书库中库/打包BH1011/ [索取号:I14/176-2] | 在馆 | |
| 2 | 782288 | 2000782288 | 中心书库中库/打包BH1142/ [索取号:I14/176-2] | 在馆 | |
| 3 | 782289 | 2000782289 | 中心书库中库/打包BH1142/ [索取号:I14/176-2] | 在馆 | |
| 4 | 782290 | 2000782290 | 中心书库中库/打包BH1142/ [索取号:I14/176-2] | 在馆 | |
| 5 | 782291 | 2000782291 | 中心书库中库/打包BH1142/ [索取号:I14/176-2] | 在馆 | |
| 6 | 782292 | 2000782292 | 中心书库中库/打包BH1011/ [索取号:I14/176-2] | 在馆 |